I Wish - One Direction - All Lyrics - Statistics

General Stats
  • This quiz has been taken 46 times
  • The average score is 225 of 252
Answer Stats
Answer % Correct
I
100%
that?
100%
that
100%
wish
100%
wish,
100%
you
100%
you,
100%
in
97%
it
97%
me
97%
My
97%
my
97%
on
97%
to
97%
we
97%
your
97%
by,
94%
do
94%
don't
94%
hand,
94%
He
94%
I'm
94%
Oh,
94%
oh,
94%
the
94%
was
94%
When
94%
a
90%
and
90%
at
90%
could
90%
hear
90%
him,
90%
how
90%
I've
90%
know
90%
look
90%
with
90%
With
90%
would
90%
all
87%
apart
87%
been
87%
breakin'
87%
breakin’
87%
can't
87%
'cause
87%
'Cause
87%
dancin'
87%
dancin’
87%
die
87%
heart
87%
like
87%
little
87%
na-na
87%
Na-na-na,
87%
say
87%
see
87%
slow
87%
takes
87%
tell
87%
time
87%
whenever
87%
Whenever
87%
But
84%
eyes
84%
get
84%
hands
84%
If
84%
kiss
84%
looks
84%
of
84%
only
84%
then
84%
way
84%
Why
84%
Does
81%
got
81%
just
81%
things
81%
try
81%
wanna
81%
never
77%
Tearing
77%
walk
77%
beat
74%
dancing
74%
you'll
74%
back
71%
dying
71%
gets
71%
goodnight
71%
moonlight
71%
near
71%
three
71%
tied,
71%
tongue
71%
turn
71%
watch
71%
words
71%
always
68%
call
68%
dance
68%
waist
68%
freeze
65%
getting
65%
louder
65%
while
65%
riddles
61%
trapped
52%
later
48%
No matching quizzes found
Score Distribution
Percent of People with Each Score
Percentile by Number Answered
Your Score History
You have not taken this quiz